| 000 | 00853nam a2200265 i 4500 | ||
|---|---|---|---|
| 001 | 89033 | ||
| 003 | ES-MaACL | ||
| 005 | 20230906180041.0 | ||
| 007 | t| | ||
| 008 | 050125s2004 sp ||||1| spa d | ||
| 020 | _a84-370-5934-8 | ||
| 080 | _a929 Bloch, Marc | ||
| 080 | _a930 Bloch, Marc | ||
| 100 | 1 |
_aFink, Carole. _950897 |
|
| 245 | 1 | 0 |
_aMarc Bloch _b: una vida para la historia / _cCarole Fink ; traducción de Manuel Ardit. |
| 260 |
_a[Valencia] : _bUniversitat de València ; _a[Granada] : _bUniversidad de Granada, _c[2004] |
||
| 300 |
_a350 p., [12] p. de lám. ; _c25 cm. |
||
| 490 | 1 | _aBiografías | |
| 504 | _aBibliografía: p. [323]-330. | ||
| 600 | 1 | 4 |
_aBloch, Marc- _xBiografías. _929515 |
| 700 | 1 |
_aArdit, Manuel. _922548 |
|
| 830 | 0 |
_aBiografías _9180531 |
|
| 852 |
_aES-MaACL _jL-28652 _bR.134649 |
||
| 999 |
_c89033 _d89033 |
||